|
|
|
|
| LEADER |
00000nab a2200000ua 4500 |
| 001 |
vtls010831397 |
| 003 |
SK-MaSNL |
| 005 |
20260303144550.0 |
| 008 |
230222s2004 xo |||||||||||||||||eng| |
| 035 |
|
|
|a (urnnbn)urn:nbn:sk:snk:ar-a06izi
|
| 035 |
|
|
|a urn:nbn:sk:snk-ab5wal
|
| 035 |
|
|
|a (uuid)b9291d56-0289-4a97-815b-4d60202686bf
|
| 040 |
|
|
|a SNKBUCL
|b slo
|c SNKBUCL
|e AACR2
|
| 041 |
0 |
|
|a eng
|
| 044 |
|
|
|a xo
|c SK
|
| 100 |
1 |
|
|a Szász, András
|4 aut
|9 1166264
|
| 245 |
1 |
0 |
|a ASSESSMENT OF ELECTROMAGNETICALLY TREATED WHEAT KERNEL AT 120 HZ USING THE FDTD METHOD
|c András Szász, Ervin Joó, Gyula Vincze, Peter Szendrő
|
| 246 |
3 |
|
|a HODNOTENIE ZRNA PŠENICE ELEKTROMAGNETICKY OŠETRENÉHO PRI 120 HZ METÓDOU FDTD
|
| 700 |
1 |
|
|a Joó, Ervin
|4 aut
|9 1166273
|
| 700 |
1 |
|
|a Vincze, Gyula
|4 aut
|9 1166265
|
| 700 |
1 |
|
|a Szendrő, Peter
|4 aut
|9 1166267
|
| 773 |
0 |
|
|t Acta technologica agriculturae : vedecký časopis pre mechanizáciu poľnohospodárstva
|g Roč. 7, č. 4 (2004), s. 101-105
|
| 958 |
|
|
|a OND
|
| 958 |
|
|
|a EUIPO
|
| 958 |
|
|
|a article5
|
| 999 |
|
|
|c 1997882
|d 1999812
|